Tự học thiết kế web

Shranjeno v:
Bibliografske podrobnosti
Glavni avtor: Lê, Minh Hoàng
Format: Knjiga
Jezik:Undetermined
Izdano: Hà Nội Lao động - Xã hội 2007
Teme:
Oznake: Označite
Brez oznak, prvi označite!
Thư viện lưu trữ: Trung tâm Học liệu Trường Đại học Cần Thơ
LEADER 00561nam a2200193Ia 4500
001 CTU_214370
008 210402s9999 xx 000 0 und d
082 |a 005.72 
082 |b H407/T.1 
100 |a Lê, Minh Hoàng 
245 0 |a Tự học thiết kế web 
245 0 |c Lê Minh Hoàng (Chủ biên) 
260 |a Hà Nội 
260 |b Lao động - Xã hội 
260 |c 2007 
650 |a Web sites,Trang web 
650 |x Design,Thiết kế 
904 |i Giang 
980 |a Trung tâm Học liệu Trường Đại học Cần Thơ